| 000 | 01042cab a2200301 4500 | ||
|---|---|---|---|
| 001 | WB2906-29 | ||
| 008 | 090401t1993 xxu||||| |||| 00| 0 eng d | ||
| 035 | _a(Sirsi) u48557 | ||
| 041 | _aeng | ||
| 245 | _aPollution liability `threatens financing` | ||
| 260 | _c1993 | ||
| 350 | _a0 | ||
| 490 |
_aFinancial Times _v10 February 1993, 7(1) |
||
| 520 | _aA recent study for the Advisory Committee on Business and the Environment warns of the consequences on environmental liability for banks and other financial institutions who take property and land as security. | ||
| 650 | _aADVISORY COMMITTEE ON BUSINESS AND THE ENVIRONMENT | ||
| 650 | _aBANKS | ||
| 650 | _aCONTAMINATED LAND | ||
| 650 | _aENVIRONMENTAL LIABILITY | ||
| 650 | _aFINANCIAL INSTITUTIONS | ||
| 650 | _aLENDER LIABILITY | ||
| 650 | _aLIABILITY | ||
| 650 | _aPOLLUTION LIABILITY | ||
| 690 | _aENVIRONMENTAL AND LAND CONSULTANCY | ||
| 690 | _aPROPERTY-PROPERTY FINANCE AND INVESTMENT | ||
| 690 |
_aINSURANCE _96249 |
||
| 942 | _n0 | ||
| 948 | _c04/03/1997 | ||
| 999 |
_c30502 _d30502 |
||